<?xml version="1.0" encoding="UTF-8"?>
<record
    xmlns:xsi="http://www.w3.org/2001/XMLSchema-instance"
    xsi:schemaLocation="http://www.loc.gov/MARC21/slim http://www.loc.gov/standards/marcxml/schema/MARC21slim.xsd"
    xmlns="http://www.loc.gov/MARC21/slim">

  <leader>00752nam a22001577a 4500</leader>
  <controlfield tag="003">OSt</controlfield>
  <controlfield tag="005">20151130091516.0</controlfield>
  <controlfield tag="008">151130b        xxu||||| |||| 00| 0 eng d</controlfield>
  <datafield tag="040" ind1=" " ind2=" ">
    <subfield code="c">RUA</subfield>
  </datafield>
  <datafield tag="082" ind1=" " ind2=" ">
    <subfield code="a">FIS NEA 1997 B165 Or.1</subfield>
  </datafield>
  <datafield tag="100" ind1=" " ind2=" ">
    <subfield code="9">3992</subfield>
    <subfield code="a">NEANG, SINAROTH.</subfield>
  </datafield>
  <datafield tag="245" ind1=" " ind2=" ">
    <subfield code="a">Direct and indirect benefits of intecgrated aquaculture systems on the family food security in kandal province, &#x1795;&#x179B;&#x1794;&#x17D2;&#x179A;&#x1799;&#x17C4;&#x1787;&#x1793;&#x17CD;&#x1795;&#x17D2;&#x1791;&#x17B6;&#x179B;&#x17CB; &#x1793;&#x17B7;&#x1784;&#x1798;&#x17B7;&#x1793;&#x1795;&#x17D2;&#x1791;&#x17B6;&#x179B;&#x17CB;&#x1793;&#x17C3;&#x1794;&#x17D2;&#x179A;&#x1796;&#x17D0;&#x1793;&#x17D2;&#x1792;&#x179C;&#x17B6;&#x179A;&#x17B8;&#x179C;&#x1794;&#x17D2;&#x1794;&#x1780;&#x1798;&#x17D2;&#x1798;&#x179A;&#x17BD;&#x1798;&#x1795;&#x17D2;&#x179F;&#x17C6;&#x1791;&#x17C5;&#x179B;&#x17BE;&#x179F;&#x17D2;&#x1790;&#x17C1;&#x179A;&#x1797;&#x17B6;&#x1796;&#x179F;&#x17D2;&#x1794;&#x17C0;&#x1784;&#x1782;&#x17D2;&#x179A;&#x17BD;&#x179F;&#x17B6;&#x179A;&#x1781;&#x17C1;&#x178F;&#x17D2;&#x178F;&#x1780;&#x178E;&#x17D2;&#x178A;&#x17B6;&#x179B;</subfield>
  </datafield>
  <datafield tag="260" ind1=" " ind2=" ">
    <subfield code="a">Phnom Penh</subfield>
    <subfield code="b">RUA</subfield>
    <subfield code="c">1997</subfield>
  </datafield>
  <datafield tag="300" ind1=" " ind2=" ">
    <subfield code="a">62p.</subfield>
    <subfield code="b">ill.</subfield>
    <subfield code="c">29cm.</subfield>
  </datafield>
  <datafield tag="942" ind1=" " ind2=" ">
    <subfield code="2">ddc</subfield>
    <subfield code="c">FIS</subfield>
  </datafield>
  <datafield tag="999" ind1=" " ind2=" ">
    <subfield code="c">3712</subfield>
    <subfield code="d">3712</subfield>
  </datafield>
  <datafield tag="952" ind1=" " ind2=" ">
    <subfield code="0">0</subfield>
    <subfield code="1">0</subfield>
    <subfield code="2">ddc</subfield>
    <subfield code="4">0</subfield>
    <subfield code="6">FIS_NEA_1997_000000000000000_B165_OR_1</subfield>
    <subfield code="7">0</subfield>
    <subfield code="9">18506</subfield>
    <subfield code="a">LBB</subfield>
    <subfield code="b">LBB</subfield>
    <subfield code="c">B165</subfield>
    <subfield code="d">2015-11-30</subfield>
    <subfield code="o">FIS NEA 1997 B165 Or.1</subfield>
    <subfield code="p">RUA010571</subfield>
    <subfield code="r">2015-11-30</subfield>
    <subfield code="w">2015-11-30</subfield>
    <subfield code="y">FIS</subfield>
  </datafield>
  <datafield tag="952" ind1=" " ind2=" ">
    <subfield code="0">0</subfield>
    <subfield code="1">0</subfield>
    <subfield code="2">ddc</subfield>
    <subfield code="4">0</subfield>
    <subfield code="6">FIS_NEA_1997_000000000000000_B165_OR_2</subfield>
    <subfield code="7">0</subfield>
    <subfield code="9">18507</subfield>
    <subfield code="a">LBB</subfield>
    <subfield code="b">LBB</subfield>
    <subfield code="c">B165</subfield>
    <subfield code="d">2015-11-30</subfield>
    <subfield code="o">FIS NEA 1997 B165 Or.2</subfield>
    <subfield code="p">RUA010853</subfield>
    <subfield code="r">2015-11-30</subfield>
    <subfield code="w">2015-11-30</subfield>
    <subfield code="y">FIS</subfield>
  </datafield>
  <datafield tag="952" ind1=" " ind2=" ">
    <subfield code="0">0</subfield>
    <subfield code="1">0</subfield>
    <subfield code="2">ddc</subfield>
    <subfield code="4">0</subfield>
    <subfield code="6">FIS_NEA_1997_000000000000000_B165_OR_3</subfield>
    <subfield code="7">0</subfield>
    <subfield code="9">18508</subfield>
    <subfield code="a">LBB</subfield>
    <subfield code="b">LBB</subfield>
    <subfield code="c">B165</subfield>
    <subfield code="d">2015-11-30</subfield>
    <subfield code="o">FIS NEA 1997 B165 Or.3</subfield>
    <subfield code="p">RUA010930</subfield>
    <subfield code="r">2015-11-30</subfield>
    <subfield code="w">2015-11-30</subfield>
    <subfield code="y">FIS</subfield>
  </datafield>
  <datafield tag="952" ind1=" " ind2=" ">
    <subfield code="0">0</subfield>
    <subfield code="1">0</subfield>
    <subfield code="2">ddc</subfield>
    <subfield code="4">0</subfield>
    <subfield code="6">FIS_NEA_1997_000000000000000_B165_OR_4</subfield>
    <subfield code="7">0</subfield>
    <subfield code="9">18509</subfield>
    <subfield code="a">LBB</subfield>
    <subfield code="b">LBB</subfield>
    <subfield code="c">B165</subfield>
    <subfield code="d">2015-11-30</subfield>
    <subfield code="o">FIS NEA 1997 B165 Or.4</subfield>
    <subfield code="p">RUA010594</subfield>
    <subfield code="r">2015-11-30</subfield>
    <subfield code="w">2015-11-30</subfield>
    <subfield code="y">FIS</subfield>
  </datafield>
  <datafield tag="952" ind1=" " ind2=" ">
    <subfield code="0">0</subfield>
    <subfield code="1">0</subfield>
    <subfield code="2">ddc</subfield>
    <subfield code="4">0</subfield>
    <subfield code="6">FIS_NEA_1997_000000000000000_B165_OR_5</subfield>
    <subfield code="7">0</subfield>
    <subfield code="9">18510</subfield>
    <subfield code="a">LBB</subfield>
    <subfield code="b">LBB</subfield>
    <subfield code="c">B165</subfield>
    <subfield code="d">2015-11-30</subfield>
    <subfield code="o">FIS NEA 1997 B165 Or.5</subfield>
    <subfield code="p">RUA010666</subfield>
    <subfield code="r">2015-11-30</subfield>
    <subfield code="w">2015-11-30</subfield>
    <subfield code="y">FIS</subfield>
  </datafield>
  <datafield tag="952" ind1=" " ind2=" ">
    <subfield code="0">0</subfield>
    <subfield code="1">0</subfield>
    <subfield code="2">ddc</subfield>
    <subfield code="4">0</subfield>
    <subfield code="6">FIS_NEA_1997_000000000000000_B165_OR_6</subfield>
    <subfield code="7">0</subfield>
    <subfield code="9">18511</subfield>
    <subfield code="a">LBB</subfield>
    <subfield code="b">LBB</subfield>
    <subfield code="c">B165</subfield>
    <subfield code="d">2015-11-30</subfield>
    <subfield code="o">FIS NEA 1997 B165 Or.6</subfield>
    <subfield code="p">RUA010675</subfield>
    <subfield code="r">2015-11-30</subfield>
    <subfield code="w">2015-11-30</subfield>
    <subfield code="y">FIS</subfield>
  </datafield>
  <datafield tag="952" ind1=" " ind2=" ">
    <subfield code="0">0</subfield>
    <subfield code="1">0</subfield>
    <subfield code="2">ddc</subfield>
    <subfield code="4">0</subfield>
    <subfield code="6">FIS_NEA_1997_000000000000000_B165_OR_7</subfield>
    <subfield code="7">0</subfield>
    <subfield code="9">18512</subfield>
    <subfield code="a">LBB</subfield>
    <subfield code="b">LBB</subfield>
    <subfield code="c">B165</subfield>
    <subfield code="d">2015-11-30</subfield>
    <subfield code="o">FIS NEA 1997 B165 Or.7</subfield>
    <subfield code="p">RUA010603</subfield>
    <subfield code="r">2015-11-30</subfield>
    <subfield code="w">2015-11-30</subfield>
    <subfield code="y">FIS</subfield>
  </datafield>
  <datafield tag="952" ind1=" " ind2=" ">
    <subfield code="0">0</subfield>
    <subfield code="1">0</subfield>
    <subfield code="2">ddc</subfield>
    <subfield code="4">0</subfield>
    <subfield code="6">FIS_NEA_1997_000000000000000_B165_OR_8</subfield>
    <subfield code="7">0</subfield>
    <subfield code="9">18513</subfield>
    <subfield code="a">LBB</subfield>
    <subfield code="b">LBB</subfield>
    <subfield code="c">B165</subfield>
    <subfield code="d">2015-11-30</subfield>
    <subfield code="o">FIS NEA 1997 B165 Or.8</subfield>
    <subfield code="p">RUA010567</subfield>
    <subfield code="r">2015-11-30</subfield>
    <subfield code="w">2015-11-30</subfield>
    <subfield code="y">FIS</subfield>
  </datafield>
  <datafield tag="952" ind1=" " ind2=" ">
    <subfield code="0">0</subfield>
    <subfield code="1">0</subfield>
    <subfield code="2">ddc</subfield>
    <subfield code="4">0</subfield>
    <subfield code="6">FIS_NEA_1997_000000000000000_B165_OR_9</subfield>
    <subfield code="7">0</subfield>
    <subfield code="9">18514</subfield>
    <subfield code="a">LBB</subfield>
    <subfield code="b">LBB</subfield>
    <subfield code="c">B165</subfield>
    <subfield code="d">2015-11-30</subfield>
    <subfield code="o">FIS NEA 1997 B165 Or.9</subfield>
    <subfield code="p">RUA010674</subfield>
    <subfield code="r">2015-11-30</subfield>
    <subfield code="w">2015-11-30</subfield>
    <subfield code="y">FIS</subfield>
  </datafield>
  <datafield tag="952" ind1=" " ind2=" ">
    <subfield code="0">0</subfield>
    <subfield code="1">0</subfield>
    <subfield code="2">ddc</subfield>
    <subfield code="4">0</subfield>
    <subfield code="6">FIS_NEA_1997_000000000000000_B165_OR_10</subfield>
    <subfield code="7">0</subfield>
    <subfield code="9">18515</subfield>
    <subfield code="a">LBB</subfield>
    <subfield code="b">LBB</subfield>
    <subfield code="c">B165</subfield>
    <subfield code="d">2015-11-30</subfield>
    <subfield code="o">FIS NEA 1997 B165 Or.10</subfield>
    <subfield code="p">RUA010602</subfield>
    <subfield code="r">2015-11-30</subfield>
    <subfield code="w">2015-11-30</subfield>
    <subfield code="y">FIS</subfield>
  </datafield>
</record>
